00643cam a22002173a 450000100060000000300060000600500170001200800410002904000150007004200070008505000070009210000190009924500820011826000290020050600300022951600200025965300400027965300350031983000290035485600420038323573PGUSA20140828083513.0071120s2007||||xxu|||||s|||||000 | eng d aPGUSAbeng adc 4aDS1 aReidy, John J.14aThe Battle of Bayan and Other Battlesh[electronic resource] /cJohn J. Reidy bProject Gutenberg,c2007 aPublic domain in the USA. aElectronic text aPhilippines -- History -- 1898-1946 aUnited States. Army -- History 0aProject Gutenbergv2357340uhttp://www.gutenberg.org/ebooks/23573